[Event "Schachfestival IM 2018"]
[Site "Lueneburg"]
[Date "2018.07.11"]
[Round "7"]
[White "Fuchs, Judith"]
[Black "Light, Bjarne"]
[Result "1-0"]
[WhiteElo "2289"]
[BlackElo "2177"]
[Annotator "ChessBase"]
[PlyCount "103"]
[EventDate "2018.07.05"]
[EventType "tourn"]
[EventCountry "GER"]
[SourceTitle "playchess.com"]
[Source "ChessBase"]
[SourceQuality "1"]
[TimeControl "40/5400+30:1800+30"]

1. e4 {[%emt 0:00:00]} c5 {[%emt 0:00:00]} 2. Nf3 {[%emt 0:00:00]} Nc6 {[%emt 0:00:04]} 3. Nc3 {[%emt 0:00:00]} e5 {[%emt 0:00:10]} 4. Bc4 {[%emt 0:00:00]} h6 {[%emt 0:02:03]} 5. O-O {[%emt 0:01:58]} g6 {[%emt 0:07:26]} 6. b4 {[%emt 0:00:25]} d6 {[%emt 0:05:58]} 7. bxc5 {[%emt 0:00:09]} dxc5 {[%emt 0:00:05]} 8. Nd5 {[%emt 0:00:07]} Bg7 {[%emt 0:02:18]} 9. d4 {[%emt 0:00:11]} cxd4 {[%emt 0:12:37]} 10. Ba3 {[%emt 0:00:09]} Nge7 {[%emt 0:00:12]} 11. c3 {[%emt 0:01:00]} O-O {[%emt 0:08:32]} 12. cxd4 {[%emt 0:00:58]} Bg4 {[%emt 0:02:21]} 13. Nxe7+ {[%emt 0:02:32]} Nxe7 {[%emt 0:00:14]} 14. d5 {[%emt 0:00:52]} Re8 {[%emt 0:01:21]} 15. h3 {[%emt 0:02:23]} Bd7 {[%emt 0:00:32]} 16. Rb1 {[%emt 0:04:56]} Nc8 {[%emt 0:03:02]} 17. Qd2 {[%emt 0:07:32]} Nb6 {[%emt 0:01:56]} 18. Bb3 {[%emt 0:02:12]} Bb5 {[%emt 0:03:01]} 19. Rfc1 {[%emt 0:00:32]} Qd7 {[%emt 0:01:37]} 20. Bc5 {[%emt 0:12:03]} Na4 {[%emt 0:05:29]} 21. Be3 {[%emt 0:01:08]} Kh7 {[%emt 0:04:59]} 22. d6 {[%emt 0:06:13]} Rec8 {[%emt 0:07:52]} 23. Rxc8 {[%emt 0:03:07]} Rxc8 {[%emt 0:00:45]} 24. Bxa7 {[%emt 0:01:50]} Nc3 {[%emt 0:07:09]} 25. Re1 {[%emt 0:00:44]} Ba6 {[%emt 0:01:03]} 26. Bb6 {[%emt 0:06:51]} Nb5 {[%emt 0:05:55]} 27. Bxf7 {[%emt 0:05:17]} Nxd6 {[%emt 0:05:54]} 28. Bd5 {[%emt 0:02:48]} Qb5 {[%emt 0:02:18]} 29. Qa5 {[%emt 0:06:33]} Nc4 {[%emt 0:02:44]} 30. Qxb5 {[%emt 0:06:18]} Bxb5 {[%emt 0:00:05]} 31. Ba7 {[%emt 0:00:55]} Nd6 {[%emt 0:04:43]} 32. Rd1 {[%emt 0:07:21]} Be2 {[%emt 0:00:56]} 33. Rd2 {[%emt 0:00:23]} Rc1+ {[%emt 0:01:26]} 34. Kh2 {[%emt 0:00:21]} Bc4 {[%emt 0:00:22]} 35. Be3 {[%emt 0:02:21]} Ra1 {[%emt 0:00:31]} 36. Bxc4 {[%emt 0:09:38]} Nxc4 {[%emt 0:00:06]} 37. Rc2 {[%emt 0:00:34]} Nxe3 {[%emt 0:00:58]} 38. fxe3 {[%emt 0:00:02]} g5 {[%emt 0:00:24]} 39. Rb2 {[%emt 0:00:45]} Kg8 {[%emt 0:01:10]} 40. Kg3 {[%emt 0:02:00]} Bf8 {[%emt 0:00:59]} 41. Kg4 {[%emt 0:32:50]} Bc5 {[%emt 0:03:04]} 42. Re2 {[%emt 0:00:00]} Kg7 {[%emt 0:04:10]} 43. Nxe5 {[%emt 0:00:00]} Bd6 {[%emt 0:10:18]} 44. Kf5 {[%emt 0:00:00]} Rb1 {[%emt 0:06:22]} 45. Nf3 {[%emt 0:00:00]} Bc5 {[%emt 0:01:51]} 46. e5 {[%emt 0:00:00]} Rb4 {[%emt 0:01:25]} 47. Nh2 {[%emt 0:00:00]} Kf7 {[%emt 0:02:10]} 48. Ng4 {[%emt 0:00:40]} Rb6 {[%emt 0:01:32]} 49. Rc2 {[%emt 0:01:41]} Be7 {[%emt 0:01:36]} 50. Rc7 {[%emt 0:01:48]} h5 {[%emt 0:00:48]} 51. Nf6 {[%emt 0:00:39]} g4 {[%emt 0:01:10]} 52. Rxe7+ {[%emt 0:00:18]} 1-0

[Event "Schachfestival IM 2018"]
[Site "Lueneburg"]
[Date "2018.07.11"]
[Round "7"]
[White "Polster, Christian"]
[Black "Mirzoev, Azer"]
[Result "0-1"]
[WhiteElo "2286"]
[BlackElo "2506"]
[Annotator "TA"]
[PlyCount "120"]
[EventDate "2018.07.05"]
[EventType "tourn"]
[EventCountry "GER"]
[SourceTitle "playchess.com"]
[Source "ChessBase"]
[SourceQuality "1"]

{[%evp 13,120,51,36,15,15,8,35,31,35,3,8,5,4,2,9,0,2,0,14,10,0,-13,8,8,17,23,41,0,40,43,43,-4,17,-52,-50,-68,-90,-173,-124,-127,-113,-151,-70,-85,-23,-30,-25,-26,-9,-26,-16,-57,-11,-16,-16,-16,-16,-16,-16,-16,-16,-19,-22,-103,0,0,0,-11,-10,-6,0,-64,-64,-64,-64,-64,-64,-64,-64,-64,-64,-132,-72,-72,-73,-73,-76,-77,-38,-350,-343,-350,-280,-341,-336,-268,-268,-333,-319,-319,-197,-351,-341,-835,-815,-5069,-4134,-1995,-1699]} 1. e4 c6 2. d4 d5 3. e5 Bf5 4. h4 Qb6 5. h5 h6 6. g4 {B12: Caro-Kann (Vorstoß-Variante)} Bd7 7. Nc3 {[%cal Bb1c3,Bc3e2,Be2f4][%mdl 32]} e6 {LiveBook: 8 Partien} 8. Nce2 $146 {Weiß steht etwas besser.} ({Vorgänger:} 8. Na4 Qc7 9. f4 Na6 10. Nf3 c5 11. Bxa6 Bxa4 12. Be2 cxd4 13. Nxd4 {1-0 (39) Brkic,A (2573)-Ruck,R (2531) Hungary 2017}) 8... c5 9. c3 Bb5 10. Nf3 Nd7 11. Nf4 (11. a4 $5 {[%cal Ra4b5]} Bc4 12. Nf4 $11) 11... Bxf1 12. Kxf1 Ne7 13. Qe2 Nc6 {[%cal Rc5d4]} 14. Be3 a5 15. Kg2 Qa6 16. Qd1 Be7 17. a4 Rc8 18. Nd3 {[%cal Rd4c5]} c4 19. Nf4 b5 20. Qc2 Nb6 21. axb5 Qxb5 22. Rae1 a4 23. Bc1 ({Günstiger ist} 23. Ne2 $11) 23... Qb3 $36 {[%mdl 2048] Schwarz hat gut koordiniertes Spiel.} 24. Qe2 a3 {zielt auf ...a2 ab.} 25. bxa3 (25. Nd2 $17 {ist eine bessere Verteidigung.} axb2 26. Nxb3) 25... Qxc3 26. Bd2 Qc2 $1 ({Nur nicht} 26... Qxa3 $2 27. Ra1 $18) 27. Qe3 O-O (27... Rb8 $17 28. Rc1 Qe4) 28. Nh3 c3 (28... Ra8 $17 29. Ra1 Qe4) 29. Bxc3 $11 Nc4 {[%cal Bb6c4,Bc4a3,Ba3b5][%mdl 32]} 30. Qc1 Nxa3 {...Sxe5! ist eine echte Drohung.} 31. Bb2 Qxc1 32. Bxc1 Nb5 33. Be3 Ra8 34. Rb1 Na3 35. Rb7 Rfb8 36. Rxb8+ Rxb8 37. Rc1 Nc4 38. Nd2 (38. Ra1 $11) 38... N6a5 (38... Nxe3+ $17 39. fxe3 Nxd4 $1 {[%mdl 512]} 40. exd4 Rb2 41. Rc8+ (41. Rd1 Bb4 $17) 41... Kh7) 39. Nxc4 Nxc4 40. Nf4 Rb3 41. Kf3 Bh4 42. Ra1 {[#]} (42. Ng2 $11 Bd8 43. Ra1) 42... Bxf2 $1 $15 {[%mdl 512]} 43. Kxf2 Nxe3 {[%mdl 4096] Endspiel KTS-KTS} 44. Ra8+ $1 Kh7 45. Ra7 $1 Nxg4+ 46. Kg2 $1 Ne3+ 47. Kh2 {[#]} (47. Kf2 $15) 47... Nf5 ({Lieber} 47... Rb2+ $1 48. Kh3 Rf2) 48. Rxf7 $17 Nxd4 49. Kg2 Rb2+ 50. Kh3 Rf2 51. Kg3 $2 {[%mdl 8192] [#]} ({Weiss kommt nicht vorbei an} 51. Rf8 $1 $15) 51... Rf3+ $1 $19 52. Kg4 Rf1 {Und weiter mit ...Se2! wäre nett.} 53. Rf8 {und die Idee Kh3 ließe Weiss weiter hoffen.} Rg1+ 54. Kh4 Rg5 55. Re8 Nf3+ ({Nicht} 55... Rxe5 56. Ng6 $11) 56. Kh3 Nxe5 57. Rxe6 $2 (57. Re7 {war die einzige Chance.}) 57... Nd7 58. Rg6 $2 (58. Re7 Nf6 59. Ne6) 58... Nf6 {Schwarz steht klar auf Gewinn.} 59. Kh4 Rxh5+ 60. Nxh5 Kxg6 {Precision: Weiß = 37%, Schwarz = 48%.} 0-1

[Event "Schachfestival IM 2018"]
[Site "Lueneburg"]
[Date "2018.07.11"]
[Round "7"]
[White "Wenzel, Birger"]
[Black "Pubantz, Jan"]
[Result "0-1"]
[WhiteElo "2084"]
[BlackElo "1997"]
[Annotator "NA"]
[PlyCount "78"]
[EventDate "2018.07.05"]
[EventType "tourn"]
[EventCountry "GER"]
[SourceTitle "playchess.com"]
[Source "ChessBase"]
[SourceQuality "1"]
[TimeControl "40/5400+30:1800+30"]

1. e4 {[%emt 0:00:00]} c5 {[%emt 0:00:00]} 2. Nf3 {[%emt 0:00:00]} d6 {[%emt 0:00:00]} 3. Bb5+ {[%emt 0:00:00]} Nd7 {[%emt 0:00:00]} 4. O-O {[%emt 0:00:00]} a6 {[%emt 0:00:00]} 5. Bxd7+ {[%emt 0:00:00]} Bxd7 {[%emt 0:00:04]} 6. d4 {[%emt 0:00:00]} cxd4 {[%emt 0:00:40]} 7. Qxd4 {[%emt 0:00:06]} Nf6 {[%emt 0:00:08]} 8. Bg5 {[%emt 0:00:09]} h6 {[%emt 0:05:42]} 9. Bxf6 {[%emt 0:00:33]} gxf6 {[%emt 0:00:06]} 10. Nc3 {[%emt 0:00:21]} Rc8 {[%emt 0:01:21]} 11. a4 {[%emt 0:01:55]} Rg8 {[%emt 0:05:55]} 12. Qd3 {[%emt 0:03:12]} e6 {[%emt 0:17:10]} 13. a5 {[%emt 0:07:03]} Qc7 {[%emt 0:09:12]} 14. Rfe1 {[%emt 0:08:14]} h5 {[%emt 0:07:08]} 15. Nd4 {[%emt 0:05:11]} Bh6 {[%emt 0:07:20]} 16. Ra3 {[%emt 0:16:41]} Qc4 {[%emt 0:05:33]} 17. Nd5 {[%emt 0:11:17]} exd5 {[%emt 0:17:26]} 18. exd5+ {[%emt 0:00:09]} Kf8 {[%emt 0:06:13]} 19. Qh7 {[%emt 0:02:54]} Bg7 {[%emt 0:01:04]} 20. Rg3 {[%emt 0:15:10]} Re8 {[%emt 0:01:57]} 21. Rxe8+ {[%emt 0:03:20]} Bxe8 {[%emt 0:00:13]} 22. Nf5 {[%emt 0:03:40]} Qxc2 {[%emt 0:09:59]} 23. h3 {[%emt 0:00:27]} Qc1+ {[%emt 0:02:38]} 24. Kh2 {[%emt 0:00:24]} Qf4 {[%emt 0:01:35]} 25. Nxg7 {[%emt 0:05:15]} h4 {[%emt 0:00:32]} 26. Ne6+ {[%emt 0:14:31]} fxe6 {[%emt 0:00:03]} 27. Qxg8+ {[%emt 0:00:06]} Ke7 {[%emt 0:00:06]} 28. Qg7+ {[%emt 0:00:56]} Kd8 {[%emt 0:00:13]} 29. Qxb7 {[%emt 0:00:44]} hxg3+ {[%emt 0:00:52]} 30. fxg3 {[%emt 0:00:05]} Qe4 {[%emt 0:00:53]} 31. Qb6+ {[%emt 0:00:21]} Ke7 {[%emt 0:00:22]} 32. Qa7+ {[%emt 0:01:16]} Bd7 {[%emt 0:00:42]} 33. dxe6 {[%emt 0:00:11]} Kxe6 {[%emt 0:00:27]} 34. Qxa6 {[%emt 0:00:49]} Bc6 {[%emt 0:00:09]} 35. Qf1 {[%emt 0:01:26]} d5 {[%emt 0:00:39]} 36. a6 {[%emt 0:00:54]} d4 {[%emt 0:00:43]} 37. Qc4+ {[%emt 0:00:19]} Bd5 {[%emt 0:00:37]} 38. Qc8+ {[%emt 0:00:14]} Kf7 {[%emt 0:00:20]} 39. Qd7+ {[%emt 0:00:59]} Kg6 {[%emt 0:00:14]} 0-1

[Event "Schachfestival IM 2018"]
[Site "Lueneburg"]
[Date "2018.07.12"]
[Round "8"]
[White "Mirzoev, Azer"]
[Black "Fuchs, Judith"]
[Result "1-0"]
[WhiteElo "2506"]
[BlackElo "2289"]
[Annotator "TA"]
[PlyCount "77"]
[EventDate "2018.07.05"]
[EventType "tourn"]
[EventCountry "GER"]
[SourceTitle "playchess.com"]
[Source "ChessBase"]
[SourceQuality "1"]

{[%evp 9,77,15,58,66,78,83,93,93,76,95,118,118,119,120,124,127,122,112,116,120,110,113,114,112,129,114,130,112,122,118,118,118,102,106,116,110,110,109,143,117,140,121,170,171,195,203,205,191,210,201,204,183,226,226,220,221,308,220,368,383,573,560,525,434,529,518,1123,1113,1722,1611]} 1. d4 Nf6 2. Nf3 c5 3. e3 g6 4. dxc5 (4. d5 Bg7 5. Nc3 O-O 6. Be2 d6 7. O-O e6 8. dxe6 Bxe6 9. e4 Nc6 10. Bf4 d5 11. exd5 Nxd5 12. Nxd5 Qxd5 13. Qxd5 Bxd5 {1-0 (52) Karjakin,S (2783)-Nepomniachtchi,I (2751) chess.com INT 2017}) 4... Bg7 5. a3 {[%cal Ba2a3,Ba3b4,Bb4b5][%mdl 32]} Qc7 6. b4 {A48: 1 d4 Nf6 2 Nf3 g6: Torre, London and Colle Systems} a5 7. Bb2 axb4 $146 ({Predecessor:} 7... Nc6 8. b5 Nd8 9. Bd4 Ne6 10. b6 Qd8 11. Nbd2 O-O {0-1 (20) Shvidler,E (2460)-Blodstein,A (2365) Tel Aviv 1996}) 8. axb4 {White is better.} Rxa1 9. Bxa1 {And now Be5 would win.} b6 10. cxb6 Qxb6 11. b5 $36 {[%mdl 2048] White is in control.} Bb7 12. Nbd2 O-O 13. c4 d6 14. Bd4 Qc7 15. Be2 Nbd7 16. O-O e5 17. Bb2 Nc5 18. Nb3 Na4 19. Ba1 Ra8 20. Qc2 Be4 21. Qc1 Nd7 22. Nfd2 Bb7 23. Rd1 Ndc5 24. h3 Bf8 25. Qc2 Bg7 26. Nxc5 Nxc5 27. Bc3 Bf8 28. Bb4 Be7 29. Nb3 Be4 30. Qb2 Nxb3 31. Qxb3 Qb6 32. Qb2 h5 33. Bf1 Qc7 (33... Rd8 {was worth a try.} 34. Qc3 Qb8) 34. Qd2 $18 d5 (34... Kf8 $142 35. f3 Bb7 36. Bxd6 Qxd6) 35. Bxe7 {White is clearly winning.} Qxe7 36. cxd5 Qd6 37. Qc3 Ra2 (37... Kg7 $142 38. Qc6 Qd8) 38. Qc4 Bc2 39. Rc1 {Precision: White = 95%, Black = 34%.} 1-0

[Event "Schachfestival IM 2018"]
[Site "Lueneburg"]
[Date "2018.07.12"]
[Round "8"]
[White "Lubbe, Melanie"]
[Black "Wenzel, Birger"]
[Result "1-0"]
[WhiteElo "2332"]
[BlackElo "2084"]
[Annotator "ChessBase"]
[PlyCount "57"]
[EventDate "2018.07.05"]
[EventType "tourn"]
[EventCountry "GER"]
[SourceTitle "playchess.com"]
[Source "ChessBase"]
[SourceQuality "1"]
[TimeControl "40/5400+30:1800+30"]

1. e4 {[%emt 0:00:00]} c5 {[%emt 0:00:00]} 2. Nf3 {[%emt 0:00:00]} e6 {[%emt 0:00:00]} 3. d4 {[%emt 0:00:00]} cxd4 {[%emt 0:00:00]} 4. Nxd4 {[%emt 0:00:00]} a6 {[%emt 0:00:00]} 5. Nc3 {[%emt 0:00:31]} b5 {[%emt 0:00:01]} 6. Bd3 {[%emt 0:01:27]} d6 {[%emt 0:00:08]} 7. O-O {[%emt 0:00:53]} Nf6 {[%emt 0:00:08]} 8. Qe2 {[%emt 0:02:42]} Be7 {[%emt 0:00:12]} 9. f4 {[%emt 0:03:49]} O-O {[%emt 0:02:31]} 10. Kh1 {[%emt 0:01:35]} Bb7 {[%emt 0:01:10]} 11. a3 {[%emt 0:05:03]} Nbd7 {[%emt 0:04:13]} 12. Bd2 {[%emt 0:02:48]} Qc7 {[%emt 0:04:57]} 13. Rae1 {[%emt 0:02:20]} Rfe8 {[%emt 0:03:21]} 14. e5 {[%emt 0:04:23]} Nd5 {[%emt 0:02:49]} 15. f5 {[%emt 0:14:22]} Nxe5 {[%emt 0:38:42]} 16. fxe6 {[%emt 0:01:43]} Bf6 {[%emt 0:08:44]} 17. Bxh7+ {[%emt 0:19:52]} Kf8 {[%emt 0:06:16]} 18. Nxd5 {[%emt 0:08:12]} Bxd5 {[%emt 0:00:15]} 19. Be4 {[%emt 0:08:07]} Bc4 {[%emt 0:05:23]} 20. Qh5 {[%emt 0:00:45]} Bxf1 {[%emt 0:02:35]} 21. Bxa8 {[%emt 0:00:05]} g6 {[%emt 0:00:56]} 22. Qh3 {[%emt 0:04:14]} Qc4 {[%emt 0:01:49]} 23. Qh6+ {[%emt 0:02:58]} Bg7 {[%emt 0:09:29]} 24. Qf4 {[%emt 0:00:08]} f5 {[%emt 0:00:10]} 25. b3 {[%emt 0:03:06]} Qc5 {[%emt 0:02:37]} 26. Bb4 {[%emt 0:03:43]} Qb6 {[%emt 0:00:07]} 27. Bd5 {[%emt 0:01:22]} a5 {[%emt 0:01:12]} 28. Rxe5 {[%emt 0:05:36]} Re7 {[%emt 0:03:15]} 29. Bxd6 {[%emt 0:00:52]} 1-0

[Event "Schachfestival IM 2018"]
[Site "Lueneburg"]
[Date "2018.07.12"]
[Round "8"]
[White "Kuberczyk, Christoph"]
[Black "Sriram, Jha"]
[Result "0-1"]
[WhiteElo "2225"]
[BlackElo "2409"]
[Annotator "ChessBase"]
[PlyCount "74"]
[EventDate "2018.07.05"]
[EventType "tourn"]
[EventCountry "GER"]
[SourceTitle "playchess.com"]
[Source "ChessBase"]
[SourceQuality "1"]
[TimeControl "40/5400+30:1800+30"]

1. d4 {[%emt 0:00:00]} d5 {[%emt 0:00:00]} 2. c4 {[%emt 0:00:00]} c6 {[%emt 0:00:23]} 3. Nc3 {[%emt 0:00:09]} Nf6 {[%emt 0:00:30]} 4. e3 {[%emt 0:00:29]} a6 {[%emt 0:05:46]} 5. Nf3 {[%emt 0:00:41]} e6 {[%emt 0:03:49]} 6. b3 {[%emt 0:00:56]} Bb4 {[%emt 0:03:18]} 7. Bd2 {[%emt 0:00:42]} Nbd7 {[%emt 0:00:27]} 8. Bd3 {[%emt 0:00:45]} O-O {[%emt 0:02:56]} 9. O-O {[%emt 0:00:53]} Qe7 {[%emt 0:00:24]} 10. Bc2 {[%emt 0:05:12]} Re8 {[%emt 0:09:25]} 11. Re1 {[%emt 0:09:52]} e5 {[%emt 0:26:49]} 12. cxd5 {[%emt 0:04:05]} cxd5 {[%emt 0:11:40]} 13. e4 {[%emt 0:02:26]} Bxc3 {[%emt 0:00:03]} 14. Bxc3 {[%emt 0:00:15]} Nxe4 {[%emt 0:00:02]} 15. Bxe4 {[%emt 0:01:25]} dxe4 {[%emt 0:00:01]} 16. Nxe5 {[%emt 0:00:47]} Nxe5 {[%emt 0:00:43]} 17. dxe5 {[%emt 0:06:36]} Bf5 {[%emt 0:00:42]} 18. Qh5 {[%emt 0:08:14]} Bg6 {[%emt 0:01:20]} 19. Qe2 {[%emt 0:00:20]} Red8 {[%emt 0:02:39]} 20. Rad1 {[%emt 0:07:10]} Rd3 {[%emt 0:02:44]} 21. Rxd3 {[%emt 0:00:47]} exd3 {[%emt 0:00:01]} 22. Qd2 {[%emt 0:00:14]} Rc8 {[%emt 0:00:28]} 23. h3 {[%emt 0:04:49]} h5 {[%emt 0:01:57]} 24. Rc1 {[%emt 0:07:25]} Qe6 {[%emt 0:01:51]} 25. Qf4 {[%emt 0:02:38]} Qd5 {[%emt 0:02:51]} 26. Bd2 {[%emt 0:08:51]} Re8 {[%emt 0:03:34]} 27. Re1 {[%emt 0:02:58]} Qc5 {[%emt 0:01:30]} 28. Qg5 {[%emt 0:10:34]} Kh7 {[%emt 0:02:50]} 29. Qe3 {[%emt 0:08:33]} Qxe3 {[%emt 0:04:46]} 30. Rxe3 {[%emt 0:03:39]} Rc8 {[%emt 0:00:01]} 31. Re1 {[%emt 0:01:01]} Rc2 {[%emt 0:00:07]} 32. Rd1 {[%emt 0:00:42]} Rxa2 {[%emt 0:00:07]} 33. f4 {[%emt 0:01:19]} h4 {[%emt 0:00:42]} 34. Be1 {[%emt 0:01:31]} Be4 {[%emt 0:01:00]} 35. Bd2 {[%emt 0:00:58]} Bd5 {[%emt 0:01:16]} 36. b4 {[%emt 0:00:30]} Bb3 {[%emt 0:00:28]} 37. Rb1 {[%emt 0:00:01]} Ba4 {[%emt 0:00:16]} 0-1

[Event "Schachfestival IM 2018"]
[Site "Lueneburg"]
[Date "2018.07.12"]
[Round "8"]
[White "Light, Bjarne"]
[Black "Simantsev, Mikhail"]
[Result "0-1"]
[WhiteElo "2177"]
[BlackElo "2434"]
[Annotator "TA"]
[PlyCount "108"]
[EventDate "2018.07.05"]
[EventType "tourn"]
[EventCountry "GER"]
[SourceTitle "playchess.com"]
[Source "ChessBase"]
[SourceQuality "1"]

{[%evp 25,108,-16,-16,-21,-39,-38,-21,-30,-29,-27,-29,-42,1,-40,-45,-54,0,-100,-42,-45,-47,-35,-32,-104,-128,-99,-103,-119,-99,-88,14,60,50,24,16,-232,-236,-222,-233,-229,-136,-127,-83,-196,-120,-287,-265,-287,-295,-300,-242,-229,-225,-217,-210,-344,-350,-383,-402,-382,-397,-1015,-1002,-1103,-569,-741,-654,-597,-575,-1388,-1071,-1076,-930,-832,-813,-29985,-29986,-29986,-29983,-29989,-29990,-29990,-29979,-29980,-29980]} 1. d4 Nf6 2. Nf3 e6 3. Bf4 c5 4. e3 Nc6 5. c3 d5 6. Nbd2 Bd6 7. Bg3 O-O 8. Bd3 b6 9. e4 {D02: 1 d4 d5 2 Nf3 sidelines, including 2...Nf6 3 g3 and 2...Nf6 3 Bf4} Be7 {[%cal Bd6e7,Be7g5,Bg5h6,Bh6g7][%mdl 32]} 10. e5 Nh5 11. Ng5 (11. Nf1 cxd4 12. Nxd4 Nxd4 13. cxd4 g6 14. Ne3 f5 15. exf6 Bxf6 16. Be2 Nxg3 17. hxg3 {½-½ (37) Nakamura,H (2787)-Svidler,P (2760) Moscow 2018}) 11... Bxg5 12. Qxh5 g6 13. Qe2 cxd4 {LiveBook: 12 Games} 14. h4 $1 {[%cal Rh4g5]} Bh6 15. h5 dxc3 16. bxc3 Bg7 17. f4 $146 Bd7 18. Nf3 Qe8 19. Ng5 h6 20. Nf3 Rc8 (20... gxh5 $15 21. Rxh5 f6) 21. Bf2 (21. Bh4 $1 $11) 21... Ne7 (21... gxh5 $1 $17 22. Bc2 f6) 22. Bd4 $15 Nf5 {Hoping for ...Ng3.} 23. Kf2 Qe7 24. g4 (24. g3 $15) 24... Nxd4 $17 25. cxd4 f6 $1 $36 {[%cal Rf6e5][%mdl 2048] Black has strong initiative.} 26. hxg6 fxe5 27. fxe5 Rf4 ({Black should play} 27... Rc3 $17 28. Kg2 Bb5 $1 {[%mdl 512]}) 28. Kg3 $1 $11 {[%cal Rg3f4]} Rcf8 29. Raf1 Qa3 30. Ne1 $2 (30. Rf2 $11 {and White is okay.}) 30... Rxd4 $19 31. Rxf8+ Qxf8 32. Rf1 {[#]} Qb8 ({Black should try} 32... Qa3 $1 $19 {...Qc3 is the strong threat.} 33. Rf3 Qc1) 33. Nf3 $17 Ra4 34. Kh3 {[#]} (34. Rc1 $17 {was worth a try.}) 34... Ra3 ({Better is} 34... Qc7 $1 $19 {Threatens to win with ...Qc3.} 35. Qd2 Qc5) 35. Bb5 $2 (35. Rc1 $17) 35... Be8 $19 36. Qb2 {Black must now prevent Bxe8.} Re3 37. Kg2 Bxg6 38. Bd7 Be4 39. Bxe6+ Kh8 {Strongly threatening ...Bxe5.} 40. Qd2 (40. Bf5 {was the only chance.}) 40... Rd3 41. Qc1 Qf8 {[%cal Rd3f3]} 42. Bf5 Bxf5 43. Ng5 $2 (43. gxf5 Qxf5 44. Qe1) 43... hxg5 44. Rxf5 Qa3 45. Qxg5 {Threatening mate with Qh5+.} Qb2+ 46. Rf2 Qxe5 47. Qh4+ Kg8 48. Qd8+ Kh7 {( -> ...Qg3+)} 49. Qh4+ Bh6 50. Rf7+ Kg6 {Black mates.} 51. Re7 Qb2+ 52. Kg1 Rd1+ 53. Re1 Rxe1+ 54. Qxe1 Qc1 {Precision: White = 44%, Black = 64%.} 0-1

[Event "Schachfestival IM 2018"]
[Site "Lueneburg"]
[Date "2018.07.12"]
[Round "8"]
[White "Pubantz, Jan"]
[Black "Polster, Christian"]
[Result "0-1"]
[WhiteElo "1997"]
[BlackElo "2286"]
[Annotator "NA"]
[PlyCount "64"]
[EventDate "2018.07.05"]
[EventType "tourn"]
[EventCountry "GER"]
[SourceTitle "playchess.com"]
[Source "ChessBase"]
[SourceQuality "1"]
[TimeControl "40/5400+30:1800+30"]

1. d4 {[%emt 0:02:01]} Nf6 {[%emt 0:00:18]} 2. c4 {[%emt 0:00:05]} e6 {[%emt 0:00:31]} 3. Nf3 {[%emt 0:00:13]} c5 {[%emt 0:00:06]} 4. Nc3 {[%emt 0:00:39]} cxd4 {[%emt 0:00:33]} 5. Nxd4 {[%emt 0:00:06]} d5 {[%emt 0:00:08]} 6. Bg5 {[%emt 0:13:45]} e5 {[%emt 0:00:59]} 7. Nf3 {[%emt 0:04:57]} d4 {[%emt 0:00:25]} 8. Nd5 {[%emt 0:08:32]} Nc6 {[%emt 0:00:55]} 9. e4 {[%emt 0:13:58]} Be7 {[%emt 0:03:02]} 10. Bxf6 {[%emt 0:02:07]} Bxf6 {[%emt 0:01:13]} 11. Be2 {[%emt 0:00:49]} O-O {[%emt 0:00:37]} 12. O-O {[%emt 0:00:04]} g6 {[%emt 0:02:39]} 13. b4 {[%emt 0:01:30]} Bg7 {[%emt 0:01:18]} 14. c5 Be6 {[%emt 0:04:24]} 15. Qb3 {[%emt 0:10:40]} f5 {[%emt 0:08:24]} 16. Bc4 {[%emt 0:00:49]} Bf7 {[%emt 0:05:44]} 17. Nd2 {[%emt 0:06:22]} Bh6 {[%emt 0:03:42]} 18. Rad1 {[%emt 0:08:26]} Bxd2 {[%emt 0:26:34]} 19. Rxd2 {[%emt 0:00:10]} fxe4 {[%emt 0:00:08]} 20. Re2 {[%emt 0:03:15]} b5 {[%emt 0:01:07]} 21. cxb6 {[%emt 0:00:40]} axb6 {[%emt 0:00:10]} 22. a4 {[%emt 0:00:38]} Ra7 {[%emt 0:00:16]} 23. Rc1 {[%emt 0:07:03]} Rd7 {[%emt 0:01:36]} 24. Nf4 {[%emt 0:09:48]} exf4 {[%emt 0:09:13]} 25. Bxf7+ {[%emt 0:00:07]} Rfxf7 {[%emt 0:02:14]} 26. Rxc6 {[%emt 0:01:06]} d3 {[%emt 0:08:50]} 27. Rxe4 {[%emt 0:03:28]} d2 {[%emt 0:00:59]} 28. Qd1 {[%emt 0:00:05]} Rfe7 {[%emt 0:01:26]} 29. f3 {[%emt 0:00:23]} Rxe4 {[%emt 0:01:26]} 30. fxe4 {[%emt 0:00:05]} Qh4 {[%emt 0:00:35]} 31. Rc8+ {[%emt 0:03:05]} Kg7 {[%emt 0:00:41]} 32. Qa1+ {[%emt 0:00:20]} Kh6 {[%emt 0:00:09]} 0-1

[Event "Schachfestival IM 2018"]
[Site "Lueneburg"]
[Date "2018.07.13"]
[Round "9"]
[White "Simantsev, Mikhail"]
[Black "Mirzoev, Azer"]
[Result "1/2-1/2"]
[WhiteElo "2434"]
[BlackElo "2506"]
[Annotator "TA"]
[PlyCount "33"]
[EventDate "2018.07.05"]
[EventType "tourn"]
[EventCountry "GER"]
[SourceTitle "playchess.com"]
[Source "ChessBase"]
[SourceQuality "1"]

{[%evp 17,21,50,78,56,82,66]} 1. e4 {[%cal Be2e4,Be4e5][%mdl 32]} Nf6 2. e5 Nd5 3. d4 d6 4. c4 Nb6 5. exd6 exd6 6. Nc3 Be7 7. Bd3 Nc6 8. Nge2 Bg4 9. Be3 {B03: Aljechin-Verteidigung (Vierbauernvariante)} (9. f3 Bh4+ 10. g3 Bxf3 11. O-O Bxe2 12. Qxe2+ Be7 13. Qe4 Qd7 14. Nd5 Nxd5 15. cxd5 Nb4 16. Bb1 Qb5 17. Bg5 {1-0 (31) Volokitin,A (2649)-Bortnyk,O (2581) Doha 2016}) 9... Bh5 {LiveBook: 7 Partien} 10. O-O Bg6 11. b3 {Vorgänger:} O-O $146 12. Nf4 Bxd3 13. Qxd3 Re8 14. Rfe1 Qd7 15. Nfd5 Bf8 16. h3 Nxd5 17. Nxd5 {½-½ (56) Vojak,D (2155)-Matko,O (2305) Zadar 2015} 1/2-1/2